An introduction to bilingualism: principles and processes
Guardat en:
| Autors principals: | , |
|---|---|
| Format: | Llibre |
| Idioma: | anglès |
| Publicat: |
Nueva York
Psychology Press
2008
|
| Edició: | 1a. ed |
| Matèries: | |
| Etiquetes: |
Afegir etiqueta
Sense etiquetes, Sigues el primer a etiquetar aquest registre!
|
MARC
| LEADER | 00000cam a2200000 a 4500 | ||
|---|---|---|---|
| 001 | UCD4299 | ||
| 003 | CL-VaPUC | ||
| 008 | 160701e20080000us |||||||||||||||||eng|d | ||
| 020 | |a 9780805851359 | ||
| 020 | |a 9780805851342 | ||
| 020 | |a 9781410618856 | ||
| 082 | 0 | 4 | |a 404.2 |b ALT |2 21 |
| 100 | 0 | |a Altarriba, Jeanette |e author |9 587969 | |
| 700 | 0 | |a Heredia, Roberto R |e author |9 587970 | |
| 245 | 1 | 3 | |a An introduction to bilingualism: principles and processes |
| 250 | |a 1a. ed | ||
| 300 | |a 388 p | ||
| 942 | |c BK | ||
| 945 | |d 20160701 20:49:00 |a arojas | ||
| 260 | |a Nueva York |b Psychology Press |c 2008 | ||
| 650 | 0 | |a Bilingüismo |9 307482 | |
| 650 | 7 | |a BILINGUE |2 CL-VaPUC |9 340643 | |
| 650 | 0 | |a Educación lingüística |9 306506 | |
| 583 | |a last modification |c 20160701 20:49:00 |k Rodrigo Vera | ||
| 999 | |c 365237 |d 365235 | ||
| 952 | |0 0 |1 0 |3 erb |4 0 |6 404_200000000000000_ALT_2008 |7 0 |8 A |9 479027 |a FDOPOS |b BIBEDU |i 5294851 |l 1 |o 404.2 ALT 2008 |p 5294851 |r 2025-01-22 |s 2023-09-22 |w 2019-11-24 |y BK |z Catalogado en:20160701 |k DLA | ||